Statistics for Islands by Letter - S

Click here to take the quiz!

General Stats

  • This quiz has been taken 138 times
  • The average score is 14 of 20

Answer Stats

HintIsland% Correct
Biggest Italian islandsSicily
99%
"India's teardrop"Sri Lanka
97%
Biggest Italian islandsSardinia
95%
Counterpart of PríncipeSão Tomé
92%
Half of New ZealandSouth
92%
City-state on the tip of the
Malay Peninsula
Singapore
91%
Where Napoleon diedSaint Helena
79%
Least populous borough of New YorkStaten
77%
Country named for a womanSaint Lucia
75%
Shared by France and the NetherlandsSaint Martin
73%
Separated from Malaysia by
the Strait of Malacca
Sumatra
72%
Largest in Russia, just north of JapanSakhalin
64%
Greek island with white buildings
that has blue domes
Santorini
64%
Least populous of Japan's main islandsShikoku
56%
Large Yemeni island in the Arabian SeaSocotra
56%
Also known as CelebesSulawesi
49%
Largest of Scotland's Inner HebridesSkye
43%
Svalbard's biggest islandSpitsbergen
38%
Island in Mumbai that is
India's most populous
Salsette
29%
Located about 20 miles south of L.A.Santa Catalina
17%

Score Distribution

Percentile by Number Answered

Percent of People with Each Score

Your Score History

You have not taken this quiz